000 00899nam a22003137a 4500
005 20230929095806.0
008 161003b2014 xxu||||| |||| 00| 0 spa d
020 _a9789968464024
041 _aESP
082 _a303.4 K65c
100 _aKliksberg, Bernardo
_924405
245 _a¿Cómo enfrentar la pobreza y la desigualdad? Una perspectiva internacional
260 _aCosta Rica
_bUCR
_c2014
300 _a269 páginas
650 _aDESARROLLO HUMANO
650 _aÉTICA EMPRESARIAL
650 _aCRISIS ECONÓMICA MUNDIAL
650 _aINSEGURIDAD CUIDADANA
650 _aPOBREZA
650 _aDESIGUALDAD
650 _aMUJERES
650 _aSALUD PÚBLICA
650 _aEDUCACIÓN
650 _aDEMOCRACIA
650 _aDISCRIMINACIÓN
650 _aCORRUPCIÓN
650 _aVOLUNTARIADO
942 _cBK
_2ddc
999 _c8474
_d8474